Analysis of leaf development (Record no. 356263)

MARC details
000 -LEADER
fixed length control field 004100000a22001690004500
020 ## - INTERNATIONAL STANDARD BOOK NUMBER
International Standard Book Number 0 521 20017 2
060 ## - NATIONAL LIBRARY OF MEDICINE CALL NUMBER
Classification number 100
082 ## - DEWEY DECIMAL CLASSIFICATION NUMBER
Classification number 581.497 MAK
100 ## - MAIN ENTRY--PERSONAL NAME
Personal name Maksymowych, Roman
245 ## - TITLE STATEMENT
Title Analysis of leaf development
260 ## - PUBLICATION, DISTRIBUTION, ETC. (IMPRINT)
Place of publication, distribution, etc. Cambridge, The University Press
260 ## - PUBLICATION, DISTRIBUTION, ETC. (IMPRINT)
Date of publication, distribution, etc. 1973
300 ## - PHYSICAL DESCRIPTION
Extent 109
490 ## - SERIES STATEMENT
Series statement Developmental and cell Biology series
650 ## - SUBJECT ADDED ENTRY--TOPICAL TERM
Topical term or geographic name as entry element Leaf development
942 ## - ADDED ENTRY ELEMENTS (KOHA)
Koha item type Books (General)
Holdings
Withdrawn status Lost status Damaged status Not for loan Home library Current library Date acquired Total Checkouts Full call number Barcode Date last seen Price effective from Koha item type
        College of Agriculture, Vellayani College of Agriculture, Vellayani 02/05/2014   581.497 MAK KAU_COAV-18569 02/05/2014 02/05/2014 Books (General)
Kerala Agricultural University Central Library
Thrissur-(Dt.), Kerala Pin:- 680656, India
Ph : (+91)(487) 2372219
E-mail: librarian@kau.in
Website: http://library.kau.in/